[Event "Villarobledo Online Qualifyer"]
[Site "playchess.com #155672"]
[Date "2009.05.23"]
[Round "6"]
[White "King 2009"]
[Black "MiguelM"]
[Result "1-0"]
[WhiteElo "1689"]
[BlackElo "1782"]
[PlyCount "117"]
[EventDate "2009.05.23"]
[EventType "swiss (blitz)"]

1. e4 {[%emt 0:00:07]} Nf6 {[%emt 0:00:03]} 2. d3 {[%emt 0:00:03]} Nc6 {[%emt
0:00:01]} 3. Nd2 {[%emt 0:00:02]} d6 {[%emt 0:00:01]} 4. Ngf3 {[%emt 0:00:01]}
Bg4 {[%emt 0:00:02]} 5. h3 {[%emt 0:00:02]} Bh5 {[%emt 0:00:01]} 6. g3 {[%emt
0:00:01]} e6 {[%emt 0:00:02]} 7. Bg2 {[%emt 0:00:01]} Be7 {[%emt 0:00:01]} 8.
O-O {[%emt 0:00:01]} O-O {[%emt 0:00:01]} 9. Re1 {[%emt 0:00:01]} a6 {[%emt 0:
00:02]} 10. c3 {[%emt 0:00:01]} b5 {[%emt 0:00:01]} 11. a4 {[%emt 0:00:01]} b4
{[%emt 0:00:02]} 12. Qc2 {[%emt 0:00:02]} a5 {[%emt 0:00:03]} 13. Nc4 {[%emt 0:
00:01]} d5 {[%emt 0:00:07]} 14. exd5 {[%emt 0:00:01]} exd5 {[%emt 0:00:02]} 15.
Nce5 {[%emt 0:00:01]} Nxe5 {[%emt 0:00:01]} 16. Nxe5 {[%emt 0:00:00]} Qd6 {
[%emt 0:00:22]} 17. Bf4 {[%emt 0:00:04]} Qb6 {[%emt 0:00:10]} 18. g4 {[%emt 0:
00:08]} Bg6 {[%emt 0:00:03]} 19. Nxg6 {[%emt 0:00:01]} fxg6 {[%emt 0:00:28]}
20. Rxe7 {[%emt 0:00:25]} Nxg4 {[%emt 0:00:02]} 21. Bxc7 {[%emt 0:00:04]} Qf6 {
[%emt 0:00:14]} 22. Bxd5+ {[%emt 0:00:08]} Kh8 {[%emt 0:00:04]} 23. hxg4 {
[%emt 0:00:06]} Qxe7 {[%emt 0:00:25]} 24. Bxa8 {[%emt 0:00:06]} Qxc7 {[%emt 0:
00:04]} 25. Bg2 {[%emt 0:00:01]} Qf4 {[%emt 0:00:28]} 26. f3 {[%emt 0:00:10]}
Qe3+ {[%emt 0:00:04]} 27. Qf2 {[%emt 0:00:09]} Qxd3 {[%emt 0:00:04]} 28. cxb4 {
[%emt 0:00:01]} axb4 {[%emt 0:00:02]} 29. Re1 {[%emt 0:00:03]} h6 {[%emt 0:00:
03]} 30. Qc5 {[%emt 0:00:03]} Rb8 {[%emt 0:00:11]} 31. Qe3 {[%emt 0:00:15]} Qd6
{[%emt 0:00:09]} 32. g5 {[%emt 0:00:04]} h5 {[%emt 0:00:12]} 33. Qe5 {[%emt 0:
00:28]} Qb6+ {[%emt 0:00:06]} 34. Kh1 {[%emt 0:00:14]} Rf8 {[%emt 0:00:19]} 35.
Qe7 {[%emt 0:00:05]} Rf5 {[%emt 0:00:01]} 36. Qe3 {[%emt 0:00:06]} Qd8 {[%emt
0:00:03]} 37. f4 {[%emt 0:00:02]} Qd7 {[%emt 0:00:03]} 38. Qe8+ {[%emt 0:00:01]
} Qxe8 {[%emt 0:00:01]} 39. Rxe8+ {[%emt 0:00:00]} Kh7 {[%emt 0:00:02]} 40. Re4
{[%emt 0:00:00]} Ra5 {[%emt 0:00:02]} 41. Rxb4 {[%emt 0:00:01]} Rf5 {[%emt 0:
00:01]} 42. b3 {[%emt 0:00:01]} Rc5 {[%emt 0:00:02]} 43. Rb5 {[%emt 0:00:01]}
Rc1+ {[%emt 0:00:02]} 44. Kh2 {[%emt 0:00:01]} Rc2 {[%emt 0:00:02]} 45. Kg3 {
[%emt 0:00:01]} Rc3+ {[%emt 0:00:01]} 46. Bf3 {[%emt 0:00:01]} Rd3 {[%emt 0:00:
02]} 47. a5 {[%emt 0:00:03]} h4+ {[%emt 0:00:01]} 48. Kg4 {[%emt 0:00:05]} h3 {
[%emt 0:00:01]} 49. a6 {[%emt 0:00:01]} h2 {[%emt 0:00:01]} 50. a7 {[%emt 0:00:
01]} Rd1 {[%emt 0:00:05]} 51. a8=Q {[%emt 0:00:02]} h1=Q {[%emt 0:00:01]} 52.
Bxh1 {[%emt 0:00:01]} Rxh1 {[%emt 0:00:01]} 53. Qxh1+ {[%emt 0:00:02]} Kg8 {
[%emt 0:00:01]} 54. Rb8+ {[%emt 0:00:00]} Kf7 {[%emt 0:00:01]} 55. Qh8 {[%emt
0:00:01]} Ke7 {[%emt 0:00:02]} 56. Qe8+ {[%emt 0:00:01]} Kd6 {[%emt 0:00:01]}
57. Rb6+ {[%emt 0:00:01]} Kd5 {[%emt 0:00:01]} 58. Qd7+ {[%emt 0:00:01]} Ke4 {
[%emt 0:00:01]} 59. Re6# {[%emt 0:00:01]} 1-0

[Event "Villarobledo Online Qualifyer"]
[Site "playchess.com #155672"]
[Date "2009.05.23"]
[Round "6"]
[White "Timeh123"]
[Black "fritaldbx"]
[Result "1-0"]
[WhiteElo "1505"]
[BlackElo "1423"]
[PlyCount "57"]
[EventDate "2009.05.23"]
[EventType "swiss (blitz)"]

1. e4 {[%emt 0:00:03]} c5 {[%emt 0:00:03]} 2. Nc3 {[%emt 0:00:04]} Nc6 {[%emt
0:00:07]} 3. f4 {[%emt 0:00:02]} Nf6 {[%emt 0:00:10]} 4. Nf3 {[%emt 0:00:03]}
d6 {[%emt 0:00:07]} 5. g3 {[%emt 0:00:03]} e6 {[%emt 0:00:21]} 6. d3 {[%emt 0:
00:05]} Be7 {[%emt 0:00:07]} 7. Bg2 {[%emt 0:00:01]} O-O {[%emt 0:00:04]} 8.
O-O {[%emt 0:00:02]} e5 {[%emt 0:00:10]} 9. Qe1 {[%emt 0:00:09]} exf4 {[%emt 0:
00:07]} 10. Bxf4 {[%emt 0:00:03]} Bg4 {[%emt 0:00:24]} 11. h3 {[%emt 0:00:11]}
Bxf3 {[%emt 0:00:03]} 12. Rxf3 {[%emt 0:00:02]} Nd4 {[%emt 0:00:08]} 13. Rf2 {
[%emt 0:00:03]} b5 {[%emt 0:00:18]} 14. Be3 {[%emt 0:00:09]} b4 {[%emt 0:00:12]
} 15. Bxd4 {[%emt 0:00:02]} bxc3 {[%emt 0:00:16]} 16. Bxc3 {[%emt 0:00:01]} d5
{[%emt 0:00:11]} 17. exd5 {[%emt 0:00:05]} Bd6 {[%emt 0:00:22]} 18. Be5 {[%emt
0:00:10]} Bxe5 {[%emt 0:00:05]} 19. Qxe5 {[%emt 0:00:00]} Re8 {[%emt 0:00:08]}
20. Qg5 {[%emt 0:00:06]} Kh8 {[%emt 0:00:11]} 21. Raf1 {[%emt 0:00:02]} Rg8 {
[%emt 0:00:03]} 22. d6 {[%emt 0:00:04]} Qxd6 {[%emt 0:00:02]} 23. Bxa8 {[%emt
0:00:04]} Qd4 {[%emt 0:00:02]} 24. Bg2 {[%emt 0:00:08]} Qxb2 {[%emt 0:00:01]}
25. Rxf6 {[%emt 0:00:03]} Qxa2 {[%emt 0:00:02]} 26. Rxf7 {[%emt 0:00:04]} Qxc2
{[%emt 0:00:03]} 27. Rxg7 {[%emt 0:00:03]} Rxg7 {[%emt 0:00:02]} 28. Rf8+ {
[%emt 0:00:00]} Rg8 {[%emt 0:00:02]} 29. Qxg8# {[%emt 0:00:00]} 1-0

[Event "Villarobledo Online Qualifyer"]
[Site "playchess.com #155672"]
[Date "2009.05.23"]
[Round "6"]
[White "Senad_tesanj"]
[Black "Fotros"]
[Result "1-0"]
[WhiteElo "1594"]
[BlackElo "1838"]
[PlyCount "89"]
[EventDate "2009.05.23"]
[EventType "swiss (blitz)"]

1. e4 {[%emt 0:00:04]} c5 {[%emt 0:00:01]} 2. Nf3 {[%emt 0:00:01]} e6 {[%emt 0:
00:01]} 3. c3 {[%emt 0:00:02]} d5 {[%emt 0:00:02]} 4. exd5 {[%emt 0:00:04]}
Qxd5 {[%emt 0:00:01]} 5. Be2 {[%emt 0:00:03]} Nc6 {[%emt 0:00:04]} 6. O-O {
[%emt 0:00:04]} Nf6 {[%emt 0:00:02]} 7. d3 {[%emt 0:00:02]} Be7 {[%emt 0:00:07]
} 8. Bf4 {[%emt 0:00:06]} O-O {[%emt 0:00:19]} 9. Re1 {[%emt 0:00:14]} Rd8 {
[%emt 0:00:37]} 10. Qc2 {[%emt 0:00:04]} e5 {[%emt 0:00:13]} 11. Bg5 {[%emt 0:
00:14]} Bf5 {[%emt 0:00:09]} 12. Rd1 {[%emt 0:00:19]} h6 {[%emt 0:00:15]} 13.
Bxf6 {[%emt 0:00:04]} Bxf6 {[%emt 0:00:02]} 14. Na3 {[%emt 0:00:07]} Qe6 {
[%emt 0:00:15]} 15. Nc4 {[%emt 0:00:05]} b5 {[%emt 0:00:07]} 16. Ne3 {[%emt 0:
00:02]} c4 {[%emt 0:00:13]} 17. Nxf5 {[%emt 0:00:07]} Qxf5 {[%emt 0:00:01]} 18.
Rac1 {[%emt 0:00:14]} Rac8 {[%emt 0:00:11]} 19. dxc4 {[%emt 0:00:03]} Qxc2 {
[%emt 0:00:04]} 20. Rxd8+ {[%emt 0:00:07]} Rxd8 {[%emt 0:00:14]} 21. Rxc2 {
[%emt 0:00:01]} bxc4 {[%emt 0:00:01]} 22. g3 {[%emt 0:00:09]} e4 {[%emt 0:00:
01]} 23. Nd2 {[%emt 0:00:08]} e3 {[%emt 0:00:19]} 24. Nxc4 {[%emt 0:00:06]}
exf2+ {[%emt 0:00:06]} 25. Kxf2 {[%emt 0:00:02]} Ne5 {[%emt 0:00:01]} 26. Rd2 {
[%emt 0:00:08]} Nxc4 {[%emt 0:00:15]} 27. Rxd8+ {[%emt 0:00:03]} Bxd8 {[%emt 0:
00:01]} 28. Bxc4 {[%emt 0:00:01]} Kf8 {[%emt 0:00:01]} 29. Ke3 {[%emt 0:00:03]}
Ke7 {[%emt 0:00:01]} 30. Kd4 {[%emt 0:00:02]} f6 {[%emt 0:00:06]} 31. Kd5 {
[%emt 0:00:01]} Kd7 {[%emt 0:00:04]} 32. Bb5+ {[%emt 0:00:02]} Ke7 {[%emt 0:00:
03]} 33. c4 {[%emt 0:00:01]} Bc7 {[%emt 0:00:03]} 34. c5 {[%emt 0:00:01]} Be5 {
[%emt 0:00:03]} 35. b4 {[%emt 0:00:02]} Bc3 {[%emt 0:00:01]} 36. a3 {[%emt 0:
00:02]} Bb2 {[%emt 0:00:02]} 37. a4 {[%emt 0:00:01]} Bc3 {[%emt 0:00:03]} 38.
Kc4 {[%emt 0:00:01]} Be5 {[%emt 0:00:03]} 39. Bc6 {[%emt 0:00:03]} Kd8 {[%emt
0:00:02]} 40. b5 {[%emt 0:00:01]} Kc7 {[%emt 0:00:01]} 41. a5 {[%emt 0:00:04]}
a6 {[%emt 0:00:02]} 42. Be4 {[%emt 0:00:08]} axb5+ {[%emt 0:00:02]} 43. Kxb5 {
[%emt 0:00:00]} Bc3 {[%emt 0:00:03]} 44. a6 {[%emt 0:00:01]} Kb8 {[%emt 0:00:
01]} 45. Kb6 {[%emt 0:00:06] Fotros resigns} 1-0

[Event "Villarobledo Online Qualifyer"]
[Site "playchess.com #155672"]
[Date "2009.05.23"]
[Round "6"]
[White "Schnickschnack"]
[Black "Miras"]
[Result "1-0"]
[WhiteElo "2099"]
[BlackElo "1738"]
[PlyCount "63"]
[EventDate "2009.05.23"]
[EventType "swiss (blitz)"]

1. c4 {[%emt 0:00:02]} c5 {[%emt 0:00:02]} 2. Nc3 {[%emt 0:00:01]} Nf6 {[%emt
0:00:00]} 3. g3 {[%emt 0:00:01]} g6 {[%emt 0:00:03]} 4. Bg2 {[%emt 0:00:01]}
Bg7 {[%emt 0:00:00]} 5. Nf3 {[%emt 0:00:00]} Nc6 {[%emt 0:00:00]} 6. O-O {
[%emt 0:00:00]} O-O {[%emt 0:00:02]} 7. d4 {[%emt 0:00:01]} cxd4 {[%emt 0:00:
00]} 8. Nxd4 {[%emt 0:00:02]} Nxd4 {[%emt 0:00:00]} 9. Qxd4 {[%emt 0:00:01]} d6
{[%emt 0:00:00]} 10. b3 {[%emt 0:00:04]} Rb8 {[%emt 0:00:14]} 11. Qxa7 {[%emt
0:00:09]} Be6 {[%emt 0:00:21]} 12. Bb2 {[%emt 0:00:05]} Nd7 {[%emt 0:00:16]}
13. Qe3 {[%emt 0:00:08]} Qa5 {[%emt 0:00:40]} 14. Rab1 {[%emt 0:00:23]} Rfe8 {
[%emt 0:00:05]} 15. a4 {[%emt 0:00:17]} Nc5 {[%emt 0:00:19]} 16. Nb5 {[%emt 0:
00:18]} Bxb2 {[%emt 0:00:35]} 17. Rxb2 {[%emt 0:00:03]} Rec8 {[%emt 0:00:09]}
18. h4 {[%emt 0:00:03]} Qd8 {[%emt 0:00:26]} 19. h5 {[%emt 0:00:02]} gxh5 {
[%emt 0:00:17]} 20. Nd4 {[%emt 0:00:09]} Bd7 {[%emt 0:00:05] '} 21. Qg5+ {
[%emt 0:00:12] .} Kh8 {[%emt 0:00:01]} 22. Qxh5 {[%emt 0:00:01]} Qg8 {[%emt 0:
00:01]} 23. Bf3 {[%emt 0:00:11]} Qg7 {[%emt 0:00:04]} 24. e3 {[%emt 0:00:15]}
e5 {[%emt 0:00:04]} 25. Nf5 {[%emt 0:00:41]} Qg6 {[%emt 0:00:01]} 26. Qxg6 {
[%emt 0:00:09]} hxg6 {[%emt 0:00:02]} 27. Nxd6 {[%emt 0:00:01]} Rd8 {[%emt 0:
00:02]} 28. Nxf7+ {[%emt 0:00:01]} Kg7 {[%emt 0:00:02]} 29. Nxd8 {[%emt 0:00:
04]} Rxd8 {[%emt 0:00:01]} 30. Ra1 {[%emt 0:00:05]} e4 {[%emt 0:00:03]} 31. Be2
{[%emt 0:00:02]} Rh8 {[%emt 0:00:03]} 32. a5 {[%emt 0:00:04] Âðåìÿ} 1-0

[Event "Villarobledo Online Qualifyer"]
[Site "playchess.com #155672"]
[Date "2009.05.23"]
[Round "6"]
[White "Von Herman"]
[Black "Lupi_linares"]
[Result "1-0"]
[WhiteElo "2271"]
[BlackElo "1773"]
[PlyCount "71"]
[EventDate "2009.05.23"]
[EventType "swiss (blitz)"]

1. d4 {[%emt 0:00:00]} d5 {[%emt 0:00:02]} 2. c4 {[%emt 0:00:01]} c6 {[%emt 0:
00:01]} 3. Nf3 {[%emt 0:00:01]} Nf6 {[%emt 0:00:01]} 4. Nc3 {[%emt 0:00:01]} e6
{[%emt 0:00:01]} 5. Bg5 {[%emt 0:00:02]} h6 {[%emt 0:00:01]} 6. Bh4 {[%emt 0:
00:01]} dxc4 {[%emt 0:00:03]} 7. e4 {[%emt 0:00:01]} g5 {[%emt 0:00:03]} 8. Bg3
{[%emt 0:00:01]} b5 {[%emt 0:00:02]} 9. e5 {[%emt 0:00:01]} Nd5 {[%emt 0:00:13]
} 10. Nd2 {[%emt 0:00:02]} Nxc3 {[%emt 0:00:28]} 11. bxc3 {[%emt 0:00:01]} Bb7
{[%emt 0:00:02]} 12. a4 {[%emt 0:00:04]} a6 {[%emt 0:00:02]} 13. Qb1 {[%emt 0:
00:33]} Qc7 {[%emt 0:00:14]} 14. h4 {[%emt 0:00:08]} g4 {[%emt 0:00:23]} 15.
Be2 {[%emt 0:00:01]} h5 {[%emt 0:00:03]} 16. O-O {[%emt 0:00:01]} Nd7 {[%emt 0:
00:07]} 17. Ne4 {[%emt 0:00:08]} Be7 {[%emt 0:00:03]} 18. Bf4 {[%emt 0:00:10]}
O-O-O {[%emt 0:00:06]} 19. Bg5 {[%emt 0:00:04]} Bxg5 {[%emt 0:00:07]} 20. hxg5
{[%emt 0:00:01]} Nb6 {[%emt 0:00:05]} 21. Nd6+ {[%emt 0:00:11]} Kb8 {[%emt 0:
00:02]} 22. axb5 {[%emt 0:00:17]} cxb5 {[%emt 0:00:03]} 23. g6 {[%emt 0:00:01]}
fxg6 {[%emt 0:00:16]} 24. Qxg6 {[%emt 0:00:02]} Qc6 {[%emt 0:00:10]} 25. f3 {
[%emt 0:00:01]} Qd5 {[%emt 0:00:08]} 26. Rf2 {[%emt 0:00:22]} Rdg8 {[%emt 0:00:
03]} 27. Qf7 {[%emt 0:00:03]} g3 {[%emt 0:00:01]} 28. Rff1 {[%emt 0:00:01]} h4
{[%emt 0:00:05]} 29. Ra3 {[%emt 0:00:12]} h3 {[%emt 0:00:06]} 30. gxh3 {[%emt
0:00:01]} Na4 {[%emt 0:00:20]} 31. Kg2 {[%emt 0:00:15]} Rf8 {[%emt 0:00:11]}
32. Qe7 {[%emt 0:00:15]} Rfg8 {[%emt 0:00:10]} 33. Bxc4 {[%emt 0:00:11]} bxc4 {
[%emt 0:00:12]} 34. Rxa4 {[%emt 0:00:02]} Rxh3 {[%emt 0:00:07]} 35. Rb4 {[%emt
0:00:25] .} Rh2+ {[%emt 0:00:03]} 36. Kg1 {[%emt 0:00:01] Tiempo '} 1-0

[Event "Villarobledo Online Qualifyer"]
[Site "playchess.com #155672"]
[Date "2009.05.23"]
[Round "6"]
[White "Misu2008"]
[Black "Molina"]
[Result "1-0"]
[WhiteElo "1770"]
[BlackElo "1564"]
[PlyCount "103"]
[EventDate "2009.05.23"]
[EventType "swiss (blitz)"]

1. d4 {[%emt 0:00:01]} f5 {[%emt 0:00:02]} 2. Nf3 {[%emt 0:00:03]} Nf6 {[%emt
0:00:05]} 3. g3 {[%emt 0:00:01]} e6 {[%emt 0:00:01]} 4. Bg2 {[%emt 0:00:01]} d5
{[%emt 0:00:00]} 5. O-O {[%emt 0:00:01]} c6 {[%emt 0:00:00]} 6. c4 {[%emt 0:00:
01]} Bd6 {[%emt 0:00:01]} 7. Bf4 {[%emt 0:00:02]} Bxf4 {[%emt 0:00:09]} 8. gxf4
{[%emt 0:00:01]} Ng4 {[%emt 0:00:01]} 9. Ne5 {[%emt 0:00:27]} O-O {[%emt 0:00:
04]} 10. e3 {[%emt 0:00:08]} Nd7 {[%emt 0:00:02]} 11. Nxg4 {[%emt 0:00:02]}
fxg4 {[%emt 0:00:04]} 12. Qxg4 {[%emt 0:00:01]} Nf6 {[%emt 0:00:01]} 13. Qe2 {
[%emt 0:00:02]} Ne4 {[%emt 0:00:03]} 14. f3 {[%emt 0:00:05]} Nf6 {[%emt 0:00:
06]} 15. Nc3 {[%emt 0:00:02]} Bd7 {[%emt 0:00:02]} 16. Kh1 {[%emt 0:00:11]} Qe8
{[%emt 0:00:01]} 17. e4 {[%emt 0:00:22]} dxe4 {[%emt 0:00:04]} 18. fxe4 {[%emt
0:00:02]} Qg6 {[%emt 0:00:07]} 19. Rg1 {[%emt 0:00:18]} Rae8 {[%emt 0:00:08]}
20. e5 {[%emt 0:00:49]} Nh5 {[%emt 0:00:18]} 21. Be4 {[%emt 0:00:28]} Qh6 {
[%emt 0:00:02]} 22. f5 {[%emt 0:00:22]} exf5 {[%emt 0:00:11]} 23. Bf3 {[%emt 0:
00:06]} Nf4 {[%emt 0:00:17] '} 24. Qe3 {[%emt 0:00:01]} Nh3 {[%emt 0:00:20]}
25. Qxh6 {[%emt 0:00:02]} Nf2+ {[%emt 0:00:06]} 26. Kg2 {[%emt 0:00:03]} gxh6 {
[%emt 0:00:01]} 27. Kxf2+ {[%emt 0:00:00]} Kh8 {[%emt 0:00:01]} 28. Rad1 {
[%emt 0:00:02]} f4 {[%emt 0:00:07]} 29. Ne2 {[%emt 0:00:01]} Bf5 {[%emt 0:00:
11]} 30. Nxf4 {[%emt 0:00:03]} Bc2 {[%emt 0:00:01]} 31. Ke3 {[%emt 0:00:01]}
Bxd1 {[%emt 0:00:04]} 32. Bxd1 {[%emt 0:00:01]} Rf5 {[%emt 0:00:07]} 33. Bc2 {
[%emt 0:00:01]} Rf7 {[%emt 0:00:03]} 34. Nh5 {[%emt 0:00:01]} a6 {[%emt 0:00:
09]} 35. Kd2 {[%emt 0:00:02]} Rf2+ {[%emt 0:00:05]} 36. Kc3 {[%emt 0:00:02]}
Rxh2 {[%emt 0:00:01]} 37. Nf6 {[%emt 0:00:02]} Rd8 {[%emt 0:00:05]} 38. d5 {
[%emt 0:00:02]} cxd5 {[%emt 0:00:06]} 39. cxd5 {[%emt 0:00:01]} h5 {[%emt 0:00:
03]} 40. Kb3 {[%emt 0:00:01]} h4 {[%emt 0:00:02]} 41. Bf5 {[%emt 0:00:01]} Rf2
{[%emt 0:00:08]} 42. Bh3 {[%emt 0:00:02]} Rf3+ {[%emt 0:00:02]} 43. Ka4 {[%emt
0:00:02]} Rxh3 {[%emt 0:00:01]} 44. e6 {[%emt 0:00:00]} Rd3 {[%emt 0:00:07]}
45. e7 {[%emt 0:00:01]} Rc8 {[%emt 0:00:13]} 46. e8=Q+ {[%emt 0:00:01]} Rxe8 {
[%emt 0:00:01]} 47. Nxe8 {[%emt 0:00:01]} h6 {[%emt 0:00:01]} 48. Nf6 {[%emt 0:
00:01]} Rg3 {[%emt 0:00:05]} 49. Re1 {[%emt 0:00:01]} Kg7 {[%emt 0:00:08]} 50.
Nh5+ {[%emt 0:00:02]} Kg6 {[%emt 0:00:02]} 51. Nxg3 {[%emt 0:00:01]} hxg3 {
[%emt 0:00:01]} 52. d6 {[%emt 0:00:01] Molina rinde} 1-0

[Event "Villarobledo Online Qualifyer"]
[Site "playchess.com #155672"]
[Date "2009.05.23"]
[Round "6"]
[White "Ajaraisk"]
[Black "Dreistein"]
[Result "1-0"]
[WhiteElo "2146"]
[BlackElo "1892"]
[PlyCount "105"]
[EventDate "2009.05.23"]
[EventType "swiss (blitz)"]

1. e4 {[%emt 0:00:05]} c5 {[%emt 0:00:01]} 2. Nf3 {[%emt 0:00:01]} Nc6 {[%emt
0:00:01]} 3. Bb5 {[%emt 0:00:02]} g6 {[%emt 0:00:02]} 4. O-O {[%emt 0:00:01]}
Bg7 {[%emt 0:00:01]} 5. c3 {[%emt 0:00:03]} Nf6 {[%emt 0:00:02]} 6. Re1 {[%emt
0:00:01]} O-O {[%emt 0:00:02]} 7. d4 {[%emt 0:00:01]} d5 {[%emt 0:00:04]} 8.
exd5 {[%emt 0:00:09]} Qxd5 {[%emt 0:00:10]} 9. dxc5 {[%emt 0:00:02]} Qxc5 {
[%emt 0:00:07]} 10. Bxc6 {[%emt 0:00:07]} Qxc6 {[%emt 0:00:05]} 11. Rxe7 {
[%emt 0:00:17]} Bg4 {[%emt 0:00:04]} 12. Re3 {[%emt 0:00:55]} Rad8 {[%emt 0:00:
07]} 13. Rd3 {[%emt 0:00:06]} Rxd3 {[%emt 0:00:14]} 14. Qxd3 {[%emt 0:00:01]}
Bxf3 {[%emt 0:00:20]} 15. Qxf3 {[%emt 0:00:01]} Qxf3 {[%emt 0:00:03]} 16. gxf3
{[%emt 0:00:00]} Rd8 {[%emt 0:00:03]} 17. Bd2 {[%emt 0:00:16]} Rd3 {[%emt 0:00:
25]} 18. Kf1 {[%emt 0:00:25]} Rxf3 {[%emt 0:00:11]} 19. Ke2 {[%emt 0:00:02]}
Rh3 {[%emt 0:00:01]} 20. Bf4 {[%emt 0:00:03]} Nh5 {[%emt 0:00:23]} 21. Bg3 {
[%emt 0:00:01]} f5 {[%emt 0:00:02]} 22. Bb8 {[%emt 0:00:06]} f4 {[%emt 0:00:04]
} 23. Nd2 {[%emt 0:00:14]} Rxh2 {[%emt 0:00:06]} 24. Bxa7 {[%emt 0:00:03]} Bf6
{[%emt 0:00:08]} 25. Ne4 {[%emt 0:00:07]} Bh4 {[%emt 0:00:12]} 26. Kf3 {[%emt
0:00:13]} g5 {[%emt 0:00:16]} 27. Kg4 {[%emt 0:00:19]} Ng7 {[%emt 0:00:08]} 28.
Rd1 {[%emt 0:00:07]} h5+ {[%emt 0:00:05]} 29. Kf3 {[%emt 0:00:00]} Rh3+ {[%emt
0:00:06]} 30. Ke2 {[%emt 0:00:02]} Rh2 {[%emt 0:00:18] '} 31. Rd5 {[%emt 0:00:
01]} g4 {[%emt 0:00:03]} 32. Rd8+ {[%emt 0:00:06]} Kf7 {[%emt 0:00:02]} 33.
Rd7+ {[%emt 0:00:01]} Kg6 {[%emt 0:00:01]} 34. Rxb7 {[%emt 0:00:02]} g3 {[%emt
0:00:02]} 35. Kf1 {[%emt 0:00:02]} f3 {[%emt 0:00:05]} 36. fxg3 {[%emt 0:00:01]
} Bxg3 {[%emt 0:00:02]} 37. Nxg3 {[%emt 0:00:01]} Rg2 {[%emt 0:00:03]} 38. Ne4
{[%emt 0:00:02]} h4 {[%emt 0:00:02]} 39. Rb6+ {[%emt 0:00:03]} Kh7 {[%emt 0:00:
02]} 40. Rb5 {[%emt 0:00:01]} h3 {[%emt 0:00:02]} 41. Bg1 {[%emt 0:00:01]} h2 {
[%emt 0:00:01]} 42. Bxh2 {[%emt 0:00:01]} Rxh2 {[%emt 0:00:01]} 43. Ng5+ {
[%emt 0:00:01]} Kg6 {[%emt 0:00:02]} 44. Nxf3 {[%emt 0:00:00]} Rh1+ {[%emt 0:
00:02]} 45. Ke2 {[%emt 0:00:01]} Rb1 {[%emt 0:00:01]} 46. a4 {[%emt 0:00:01]}
Nf5 {[%emt 0:00:03]} 47. Kd3 {[%emt 0:00:02]} Ra1 {[%emt 0:00:01]} 48. a5 {
[%emt 0:00:02]} Ne7 {[%emt 0:00:02]} 49. Nd4 {[%emt 0:00:01]} Kf6 {[%emt 0:00:
03]} 50. b4 {[%emt 0:00:02]} Ng6 {[%emt 0:00:05]} 51. Kc4 {[%emt 0:00:01]} Ne5+
{[%emt 0:00:01]} 52. Kd5 {[%emt 0:00:02]} Rd1 {[%emt 0:00:03]} 53. Rb6+ {[%emt
0:00:02] Dreistein gibt auf} 1-0

[Event "Villarobledo Online Qualifyer"]
[Site "playchess.com #155672"]
[Date "2009.05.23"]
[Round "6"]
[White "Jebe"]
[Black "Acedrex"]
[Result "0-1"]
[WhiteElo "1989"]
[BlackElo "2063"]
[PlyCount "112"]
[EventDate "2009.05.23"]
[EventType "swiss (blitz)"]

1. e4 {[%emt 0:00:03]} e6 {[%emt 0:00:06]} 2. d4 {[%emt 0:00:05]} d5 {[%emt 0:
00:01]} 3. e5 {[%emt 0:00:03]} c5 {[%emt 0:00:01]} 4. c3 {[%emt 0:00:01]} Qb6 {
[%emt 0:00:01]} 5. Nf3 {[%emt 0:00:05]} Nc6 {[%emt 0:00:02]} 6. Bd3 {[%emt 0:
00:02]} cxd4 {[%emt 0:00:01]} 7. cxd4 {[%emt 0:00:05]} Bd7 {[%emt 0:00:01]} 8.
O-O {[%emt 0:00:01]} Nxd4 {[%emt 0:00:02]} 9. Nxd4 {[%emt 0:00:07]} Qxd4 {
[%emt 0:00:01]} 10. Nc3 {[%emt 0:00:04]} a6 {[%emt 0:00:01]} 11. Qf3 {[%emt 0:
00:17]} Ne7 {[%emt 0:00:13]} 12. Bf4 {[%emt 0:00:16]} Ng6 {[%emt 0:00:03]} 13.
Bg3 {[%emt 0:00:04]} Be7 {[%emt 0:00:16]} 14. Rad1 {[%emt 0:00:32]} Qb6 {[%emt
0:00:02]} 15. h4 {[%emt 0:00:07]} Qxb2 {[%emt 0:00:29]} 16. h5 {[%emt 0:00:21]}
Qxc3 {[%emt 0:00:09]} 17. hxg6 {[%emt 0:00:01]} hxg6 {[%emt 0:00:02]} 18. Rc1 {
[%emt 0:00:12]} Qa5 {[%emt 0:00:05]} 19. Qg4 {[%emt 0:00:20]} O-O {[%emt 0:00:
14]} 20. Bf4 {[%emt 0:00:14]} Rac8 {[%emt 0:00:06]} 21. Rce1 {[%emt 0:00:02]}
Bb5 {[%emt 0:00:12]} 22. Bxb5 {[%emt 0:00:13]} Qxb5 {[%emt 0:00:02]} 23. Re3 {
[%emt 0:00:01]} Rc4 {[%emt 0:00:11]} 24. Rh3 {[%emt 0:00:14]} Qa4 {[%emt 0:00:
08]} 25. g3 {[%emt 0:00:04]} Qc2 {[%emt 0:00:21] '} 26. Rh2 {[%emt 0:00:09]}
Qf5 {[%emt 0:00:04]} 27. Qe2 {[%emt 0:00:07]} Re4 {[%emt 0:00:02]} 28. Qb2 {
[%emt 0:00:03]} Rxf4 {[%emt 0:00:01]} 29. gxf4 {[%emt 0:00:01]} Qxf4 {[%emt 0:
00:01]} 30. Rg2 {[%emt 0:00:01]} Rc8 {[%emt 0:00:02]} 31. Qxb7 {[%emt 0:00:01]}
Re8 {[%emt 0:00:13]} 32. Qd7 {[%emt 0:00:01]} Kf8 {[%emt 0:00:02]} 33. Rb1 {
[%emt 0:00:01]} Qxe5 {[%emt 0:00:05]} 34. Rb7 {[%emt 0:00:01]} Qe1+ {[%emt 0:
00:06]} 35. Kh2 {[%emt 0:00:02]} Qe5+ {[%emt 0:00:02]} 36. Rg3 {[%emt 0:00:02]}
d4 {[%emt 0:00:07]} 37. Kg2 {[%emt 0:00:01]} Qd5+ {[%emt 0:00:05]} 38. Qxd5 {
[%emt 0:00:01]} exd5 {[%emt 0:00:00]} 39. Rf3 {[%emt 0:00:04]} Bf6 {[%emt 0:00:
04]} 40. Ra3 {[%emt 0:00:03]} Re6 {[%emt 0:00:06]} 41. Rc7 {[%emt 0:00:05]} Kg8
{[%emt 0:00:02]} 42. Rb3 {[%emt 0:00:02]} g5 {[%emt 0:00:02]} 43. Rb8+ {[%emt
0:00:02]} Kh7 {[%emt 0:00:01]} 44. Rcc8 {[%emt 0:00:00]} Kg6 {[%emt 0:00:01]}
45. Re8 {[%emt 0:00:02]} Rc6 {[%emt 0:00:11]} 46. Re2 {[%emt 0:00:02]} d3 {
[%emt 0:00:01]} 47. Rd2 {[%emt 0:00:01]} Rc3 {[%emt 0:00:03]} 48. Rb3 {[%emt 0:
00:02]} Rc2 {[%emt 0:00:01]} 49. Rbxd3 {[%emt 0:00:01]} Rxd2 {[%emt 0:00:03]}
50. Rxd2 {[%emt 0:00:01]} d4 {[%emt 0:00:00]} 51. Kf3 {[%emt 0:00:01]} Kf5 {
[%emt 0:00:00]} 52. Rc2 {[%emt 0:00:01]} g4+ {[%emt 0:00:01]} 53. Kg2 {[%emt 0:
00:02]} Ke4 {[%emt 0:00:01]} 54. Rc7 {[%emt 0:00:01]} d3 {[%emt 0:00:01]} 55.
Rxf7 {[%emt 0:00:02]} d2 {[%emt 0:00:02]} 56. Rd7 {[%emt 0:00:02]} Bd4 {[%emt
0:00:00] Jebe gibt auf  (Lag: Av=0.30s, max=1.3s)} 0-1